000
00300nam a22001337a 4500
008
170628b xxu||||| |||| 00| 0 eng d
020
_a
9780130485618
041
_a
eng
080
_2
4 ED
_a
82
100
_a
21
101
_a
GJL
245
_a
FROM PLATO TO DERRIDA
_c
BAIRDS.F.E
942
_2
udc
_c
BK
999
_c
19356
_d
19356